00429nam a2200169Ia 4500003000400000008004100004040001600045082001300061100001800074245004100092260003600133300001000169490003500179650000900214650001300223650002300236GCL140319s9999 xx 000 0 eng d aGCL / cGCL04a759bN S1 aNERET, GILLES10aSANDRO BOTTICCELLI / cNERET, GILLES a[S.N] : bEDITIONS DE VERGEURES a56 PP aL'ECOLE DES GRANDS PEINTRESv004aARTS04aPAINTING04aSANDRO BATTICCELLI